000 00590nam a2200229Ia 4500
003 OSt
005 20221007063552.0
006 a|||||r|||| 00| 0
007 ta
008 221006b |||||||| |||| 00| 0 eng d
024 _a24,352
037 _cTextual
040 _aFLL
_cFLL
_beng
041 _2eng
_aeng
082 _aZ2:5w, F5
100 _aNag Hem Chandra
_9684502
245 0 _aLawless laws
260 _aCalcutta
_bEastern Law House India
_c1915
300 _aiii,1-192p
_ccm.
942 _hZ2:5w, F5
_cTEXL
_2CC
999 _c1131569
_d1131569